00451nam a2200133Ia 450000500170000000800410001702000180005808200230007610000520009924501030015126000400025430000150029465000080030920250428172827.0231217s9999 xx 000 0 und d a9780131482012 a004.0684 CAR;1 R aCarolan, Jason. Radeztsky, Scott. Strong, Paul. 0aBuilding N1, grid solutions : preparing architecting and implementing service centric data centers c2005bSun Micro SystemsaCalifornia axxviii+299 aabc